[Event "Olimpiada Calviá 2004"]
[Site "Calviá ESP"]
[Date "2004.10.19"]
[Round "5.43"]
[White "Isaev, Jamshed"]
[Black "Montalvo, Alejandro"]
[Result "1-0"]
[WhiteElo "2424"]
[BlackElo "2240"]
[PlyCount "87"]
[EventDate "2004.10.15"]
[EventType "team"]
[EventRounds "14"]
[EventCountry "ESP"]
[Source "lmi"]
[SourceDate "2004.10.27"]

1. e4 c5 2. Nf3 d6 3. d4 cxd4 4. Nxd4 Nf6 5. Nc3 g6 6. Be3 Bg7 7. f3 O-O 8. Qd2
Nc6 9. Bc4 Bd7 10. O-O-O Rb8 11. Bb3 Na5 12. Bh6 b5 13. h4 b4 14. Nd5 Nxb3+ 15.
Nxb3 Nxd5 16. exd5 f6 17. g4 Bxh6 18. Qxh6 Rf7 19. Kb1 Rb5 20. Qe3 Qa8 21. Qd4
a5 22. Nc1 a4 23. h5 g5 24. h6 Bc8 25. Ne2 Qa5 26. Rd2 Bb7 27. c4 bxc3 28. Nxc3
Rb4 29. Qe3 Ba6 30. Ka1 a3 31. b3 Rb7 32. Qd4 Rf8 33. Ne4 Rc8 34. f4 Rbc7 35.
Rb1 Rc2 36. fxg5 Rxd2 37. Nxd2 Rc2 38. Ne4 Re2 39. Nc3 Rc2 40. b4 Qc7 41. b5
Bc8 42. Rb3 Bxg4 43. b6 Rc1+ 44. Rb1 1-0

[Event "Olimpiada Calviá 2004"]
[Site "Calviá ESP"]
[Date "2004.10.19"]
[Round "5.43"]
[White "Santa Torres, Juan"]
[Black "Khouseinov, Rashid"]
[Result "0-1"]
[WhiteElo "2229"]
[BlackElo "2343"]
[PlyCount "98"]
[EventDate "2004.10.15"]
[EventType "team"]
[EventRounds "14"]
[EventCountry "ESP"]
[Source "lmi"]
[SourceDate "2004.10.27"]

1. d4 g6 2. c4 Bg7 3. Nc3 d6 4. e4 Nf6 5. Be2 O-O 6. Bg5 h6 7. Be3 e5 8. d5 Kh7
9. h4 c6 10. h5 g5 11. Qd2 cxd5 12. cxd5 Ng4 13. Bxg4 Bxg4 14. f3 Bd7 15. g4 b5
16. Nh3 Bf6 17. O-O Qa5 18. a3 Bd8 19. Nf2 Bb6 20. Nd3 Na6 21. b4 Bxe3+ 22.
Qxe3 Qc7 23. Rfc1 Qb7 24. Nb1 Nc7 25. Nd2 a5 26. Nb3 axb4 27. axb4 Rxa1 28.
Rxa1 Ra8 29. Rxa8 Nxa8 30. Na5 Qc7 31. Qd2 Nb6 32. Qc1 Nc4 33. Kg2 Qb6 34. Nb3
Qa7 35. Kg3 Qa2 36. Qd1 Ne3 37. Qg1 Qe2 38. Nf2 Qc4 39. Nc1 Qxb4 40. Ncd3 Qd2
41. Qb1 Qe2 42. Qe1 Qxe1 43. Nxe1 b4 44. Nfd3 b3 45. Nb2 Bb5 46. Kf2 Nc2 47.
Ned3 Kg7 48. Nc1 Nd4 49. Ke3 Kf6 0-1

[Event "Olimpiada Calviá 2004"]
[Site "Calviá ESP"]
[Date "2004.10.19"]
[Round "5.43"]
[White "Ziyaev, Negmat"]
[Black "Davila Vega, Juan"]
[Result "1-0"]
[WhiteElo "2295"]
[BlackElo "2169"]
[PlyCount "101"]
[EventDate "2004.10.15"]
[EventType "team"]
[EventRounds "14"]
[EventCountry "ESP"]
[Source "lmi"]
[SourceDate "2004.10.27"]

1. d4 Nf6 2. c4 c5 3. Nf3 cxd4 4. Nxd4 Nc6 5. Nc3 g6 6. g3 Bg7 7. Bg2 O-O 8.
O-O Qa5 9. Nc2 Qc5 10. Ne3 d6 11. a3 a5 12. Na4 Qd4 13. Qc2 Bd7 14. Bd2 Ne5 15.
Bc3 Qa7 16. Rad1 Rac8 17. Bd4 Bxa4 18. Qxa4 Qa6 19. Bxe5 dxe5 20. b3 e6 21. Qb5
Qxb5 22. cxb5 Rc3 23. Rb1 e4 24. a4 Rb8 25. Nc4 b6 26. Rfd1 Bf8 27. Rdc1 Rxc1+
28. Rxc1 Rc8 29. e3 Bb4 30. h3 Kg7 31. Kf1 Rc7 32. Ke2 Bc5 33. g4 h6 34. Rc2
Bb4 35. Rb2 Bc5 36. Rd2 Nd5 37. Bxe4 Nc3+ 38. Kf3 Nxe4 39. Kxe4 f6 40. Rd8 Rb7
41. Rc8 g5 42. Nxa5 f5+ 43. Kf3 fxg4+ 44. hxg4 Rd7 45. Nc4 Rd3 46. Rc6 Rxb3 47.
Nxb6 Bd4 48. Rxe6 Ra3 49. a5 Bxb6 50. axb6 Rb3 51. Re5 1-0

[Event "Olimpiada Calviá 2004"]
[Site "Calviá ESP"]
[Date "2004.10.19"]
[Round "5.44"]
[White "Theocharides, Constantinos"]
[Black "Lodhi, Mahmood"]
[Result "1-0"]
[WhiteElo "2115"]
[BlackElo "2385"]
[PlyCount "109"]
[EventDate "2004.10.15"]
[EventType "team"]
[EventRounds "14"]
[EventCountry "ESP"]
[Source "lmi"]
[SourceDate "2004.10.27"]

1. e4 e5 2. Nf3 Nc6 3. d4 exd4 4. Nxd4 Bc5 5. Nxc6 Qf6 6. Qd2 dxc6 7. Nc3 Bd4
8. Na4 a6 9. c3 Ba7 10. b4 Bd7 11. Bd3 Ne7 12. O-O Ng6 13. Qg5 Qxg5 14. Bxg5 f6
15. Bc1 O-O-O 16. Nc5 Ne5 17. Be2 Bg4 18. f3 Be6 19. Be3 Bc4 20. Kf2 a5 21. a3
b5 22. Rfd1 Bxe2 23. Kxe2 Nc4 24. Bd4 Bxc5 25. Bxc5 Rxd1 26. Rxd1 a4 27. Ra1
Rd8 28. Bd4 c5 29. bxc5 Kb7 30. g4 Kc6 31. h4 Na5 32. g5 Nb3 33. Rd1 b4 34.
axb4 a3 35. gxf6 a2 36. fxg7 a1=Q 37. Rxa1 Nxa1 38. f4 Nc2 39. f5 Nxd4+ 40.
cxd4 Kd7 41. e5 Ke7 42. Ke3 Kf7 43. f6 c6 44. h5 h6 45. Kd3 Ra8 46. Kc4 Ra1 47.
e6+ Kg8 48. e7 Ra8 49. d5 Kf7 50. d6 Kxf6 51. b5 cxb5+ 52. Kxb5 Ke6 53. Kc6
Rc8+ 54. Kb7 Rg8 55. Kc7 1-0

[Event "Olimpiada Calviá 2004"]
[Site "Calviá ESP"]
[Date "2004.10.19"]
[Round "5.44"]
[White "Mirza, Shahzad"]
[Black "Klerides, Paris"]
[Result "1/2-1/2"]
[WhiteElo "2279"]
[BlackElo "2234"]
[PlyCount "96"]
[EventDate "2004.10.15"]
[EventType "team"]
[EventRounds "14"]
[EventCountry "ESP"]
[Source "lmi"]
[SourceDate "2004.10.27"]

1. d4 Nf6 2. c4 g6 3. Nc3 Bg7 4. Nf3 O-O 5. g3 d6 6. Bg2 Nbd7 7. O-O e5 8. Qc2
c6 9. Rd1 Qe7 10. b3 Re8 11. Ba3 exd4 12. Nxd4 Nc5 13. h3 Nfe4 14. Nxe4 Nxe4
15. Bb2 Nxf2 16. Kxf2 Qe3+ 17. Kf1 Qxg3 18. Rd3 Re3 19. Rxe3 Qxe3 20. Rd1 Bxh3
21. Nf3 Bxg2+ 22. Kxg2 Bxb2 23. Qxb2 Re8 24. Rd2 Re4 25. Qf6 Rg4+ 26. Kf1 Rg1+
27. Nxg1 Qxd2 28. Nf3 Qxa2 29. Qxd6 Qxb3 30. Qd8+ Kg7 31. Qd4+ Kg8 32. Qxa7
Qxc4 33. Qxb7 h5 34. Qb8+ Kg7 35. Qe5+ f6 36. Qe7+ Qf7 37. Qd6 Qd5 38. Qc7+ Kh6
39. Qe7 Qf5 40. Qf8+ Kh7 41. Qf7+ Kh6 42. Kf2 g5 43. Qf8+ Kh7 44. e4 Qxe4 45.
Qf7+ Kh6 46. Qxf6+ Qg6 47. Qh8+ Qh7 48. Qf6+ Qg6 1/2-1/2

[Event "Olimpiada Calviá 2004"]
[Site "Calviá ESP"]
[Date "2004.10.19"]
[Round "5.45"]
[White "Campos, Eugenio"]
[Black "Pacheco, Marco"]
[Result "1-0"]
[WhiteElo "2265"]
[BlackElo "2320"]
[PlyCount "69"]
[EventDate "2004.10.15"]
[EventType "team"]
[EventRounds "14"]
[EventCountry "ESP"]
[Source "lmi"]
[SourceDate "2004.10.27"]

1. e4 c5 2. Nf3 e6 3. Nc3 a6 4. a4 Nc6 5. Be2 Nd4 6. Nxd4 cxd4 7. Nb1 Ne7 8.
O-O Nc6 9. d3 Be7 10. Nd2 O-O 11. f4 d5 12. Kh1 Qc7 13. Nb3 dxe4 14. dxe4 Rd8
15. Rf3 Bd7 16. Rh3 e5 17. f5 Nb4 18. Bd3 Nxd3 19. cxd3 Qb6 20. Nd2 h6 21. Nc4
Qf6 22. a5 Bb5 23. Nb6 Rab8 24. g4 Qc6 25. g5 hxg5 26. Qh5 Qh6 27. Qf3 Qc6 28.
Bd2 f6 29. Qh5 Qe8 30. Qh7+ Kf7 31. Bxg5 Qg8 32. Qg6+ Kf8 33. Bd2 Be8 34. Qg4
Bd7 35. Rg1 1-0

[Event "Olimpiada Calviá 2004"]
[Site "Calviá ESP"]
[Date "2004.10.19"]
[Round "5.45"]
[White "Cordova, Emilio"]
[Black "Pascoal, Eduardo A"]
[Result "1/2-1/2"]
[WhiteElo "2347"]
[BlackElo "2068"]
[PlyCount "86"]
[EventDate "2004.10.15"]
[EventType "team"]
[EventRounds "14"]
[EventCountry "ESP"]
[Source "lmi"]
[SourceDate "2004.10.27"]

1. d4 d5 2. Nf3 Nf6 3. c4 e6 4. Nc3 Be7 5. Bg5 c6 6. e3 Nh5 7. Bxe7 Qxe7 8. Ne5
Nf6 9. Bd3 Nbd7 10. f4 dxc4 11. Bxc4 O-O 12. O-O Nb6 13. Bd3 c5 14. Rf3 cxd4
15. exd4 Nbd5 16. Rc1 Qb4 17. Bb1 Rd8 18. Ne2 Bd7 19. Rb3 Ba4 20. Qd3 Bxb3 21.
axb3 Rac8 22. Rf1 g6 23. g4 Qf8 24. f5 Qh6 25. Rf3 Rc7 26. h3 Rdc8 27. Kh2 exf5
28. gxf5 g5 29. Qd2 Kh8 30. Bd3 Qh5 31. Rg3 Rg8 32. Bc4 b5 33. Bxd5 Nxd5 34.
Nc3 Nxc3 35. bxc3 f6 36. Ng4 Qf7 37. d5 Rd8 38. Rd3 Rc5 39. Ne3 Qe7 40. Kg2
Qe4+ 41. Kf2 Qf4+ 42. Kg2 Qe4+ 43. Kf2 Qf4+ 1/2-1/2

[Event "Olimpiada Calviá 2004"]
[Site "Calviá ESP"]
[Date "2004.10.19"]
[Round "5.45"]
[White "Domingos, Catarino"]
[Black "Requejo, Oswaldo"]
[Result "1/2-1/2"]
[WhiteElo "2227"]
[BlackElo "2253"]
[PlyCount "95"]
[EventDate "2004.10.15"]
[EventType "team"]
[EventRounds "14"]
[EventCountry "ESP"]
[Source "lmi"]
[SourceDate "2004.10.27"]

1. d4 Nf6 2. Nf3 g6 3. c4 Bg7 4. Nc3 O-O 5. e4 d6 6. h3 c5 7. Be3 cxd4 8. Nxd4
Nc6 9. Be2 Bd7 10. O-O Nxd4 11. Bxd4 Bc6 12. Qd3 Nd7 13. Bxg7 Kxg7 14. Rad1 a5
15. b3 Qb6 16. Qd4+ Qxd4 17. Rxd4 f5 18. exf5 gxf5 19. f4 Kf7 20. Bh5+ Kf6 21.
Bf3 Nb6 22. Bd5 a4 23. b4 Rfc8 24. c5 dxc5 25. bxc5 Nxd5 26. Nxd5+ Bxd5 27.
Rxd5 Ra5 28. Rd7 Raxc5 29. Rxb7 R8c7 30. Rxc7 Rxc7 31. Rf3 Rc1+ 32. Kh2 Rc2 33.
Ra3 Rc4 34. Kg3 h5 35. Rf3 e5 36. fxe5+ Kxe5 37. Re3+ Kd5 38. Re8 h4+ 39. Kf3
Rc2 40. Rh8 Rxa2 41. Rxh4 Ra1 42. Rh8 a3 43. Ra8 a2 44. Kf2 f4 45. Ra7 f3 46.
Ra8 Ke6 47. Ra7 Kf6 48. Ra8 1/2-1/2

[Event "Olimpiada Calviá 2004"]
[Site "Calviá ESP"]
[Date "2004.10.19"]
[Round "5.46"]
[White "Williams, Leighton"]
[Black "Ermenkov, Evgenij"]
[Result "0-1"]
[WhiteElo "2355"]
[BlackElo "2454"]
[PlyCount "72"]
[EventDate "2004.10.15"]
[EventType "team"]
[EventRounds "14"]
[EventCountry "ESP"]
[Source "lmi"]
[SourceDate "2004.10.27"]

1. e4 c5 2. Nf3 d6 3. d4 Nf6 4. Nc3 cxd4 5. Nxd4 Nc6 6. Bc4 e6 7. Be3 a6 8. Qe2
Qc7 9. O-O-O Na5 10. Bd3 b5 11. Bg5 Be7 12. f4 b4 13. Nb1 Bb7 14. Nd2 Nc6 15.
N2f3 Nxd4 16. Nxd4 O-O 17. Rhe1 Rfd8 18. Kb1 Qc5 19. Nb3 Qc7 20. Nd4 Qb6 21.
Qe3 Ng4 22. Qg3 Bxg5 23. Qxg4 Bh6 24. Nf3 Qc5 25. Qh4 a5 26. Nd2 a4 27. Rf1 a3
28. Qf2 Qc7 29. Bc4 d5 30. exd5 Bxd5 31. Bb3 axb2 32. g3 g6 33. Qe3 Bg7 34. g4
Rxa2 35. Bxa2 Bxa2+ 36. Kxa2 Qxc2 0-1

[Event "Olimpiada Calviá 2004"]
[Site "Calviá ESP"]
[Date "2004.10.19"]
[Round "5.46"]
[White "Moussa, Alaa-Eddine"]
[Black "Evans-Quek, Suan-Shiau"]
[Result "1-0"]
[WhiteElo "2188"]
[BlackElo "2293"]
[PlyCount "79"]
[EventDate "2004.10.15"]
[EventType "team"]
[EventRounds "14"]
[EventCountry "ESP"]
[Source "lmi"]
[SourceDate "2004.10.27"]

1. d4 d6 2. c4 e5 3. Nf3 e4 4. Ng5 f5 5. f3 Be7 6. Nh3 Nf6 7. Nc3 c6 8. Bg5 O-O
9. e3 exf3 10. Qxf3 Ne4 11. Bxe7 Qxe7 12. Bd3 Nxc3 13. bxc3 Re8 14. O-O Qxe3+
15. Qxe3 Rxe3 16. Rae1 Rxe1 17. Rxe1 Bd7 18. Ng5 h6 19. Ne6 Na6 20. Nxg7 Rf8
21. Re7 Nb8 22. Kf2 Bc8 23. Ke3 c5 24. d5 f4+ 25. Kf2 Nd7 26. Ne6 Nf6 27. Nxf8
Kxf8 28. Rc7 Bd7 29. Rxb7 Ng4+ 30. Ke2 Ne5 31. Rxa7 Bg4+ 32. Kd2 f3 33. gxf3
Nxf3+ 34. Ke3 Nxh2 35. Be2 Bxe2 36. Kxe2 Ng4 37. a4 Ke8 38. a5 Kd8 39. a6 Kc8
40. Rg7 1-0

[Event "Olimpiada Calviá 2004"]
[Site "Calviá ESP"]
[Date "2004.10.19"]
[Round "5.46"]
[White "Jones, Richard S"]
[Black "Kayle, Charles"]
[Result "1-0"]
[WhiteElo "2297"]
[BlackElo "2036"]
[PlyCount "73"]
[EventDate "2004.10.15"]
[EventType "team"]
[EventRounds "14"]
[EventCountry "ESP"]
[Source "lmi"]
[SourceDate "2004.10.27"]

1. e4 c5 2. Nf3 e6 3. d4 cxd4 4. Nxd4 a6 5. c4 Nf6 6. Nc3 Qc7 7. a3 b6 8. Be3
Bb7 9. f3 Be7 10. Rc1 O-O 11. Be2 Re8 12. O-O Bd6 13. e5 Bxe5 14. f4 Bxd4 15.
Qxd4 d6 16. Rfd1 Nbd7 17. Qxd6 Rac8 18. Qxc7 Rxc7 19. Na4 h5 20. Nxb6 Ng4 21.
Bxg4 Nxb6 22. Be2 Na4 23. b3 Nc5 24. b4 Ne4 25. Bxh5 Rec8 26. Be2 f6 27. a4 Kf7
28. Bb6 Re7 29. Bd8 Re8 30. Rd7+ Kg8 31. Bxf6 Nxf6 32. Rxb7 Red8 33. c5 Rd2 34.
Bxa6 Rcd8 35. h3 Rb2 36. c6 Rdd2 37. Bf1 1-0

[Event "Olimpiada Calviá 2004"]
[Site "Calviá ESP"]
[Date "2004.10.19"]
[Round "5.47"]
[White "Baules, Jorge"]
[Black "Canda, Danilo"]
[Result "1-0"]
[WhiteElo "2275"]
[BlackElo "2335"]
[PlyCount "125"]
[EventDate "2004.10.15"]
[EventType "team"]
[EventRounds "14"]
[EventCountry "ESP"]
[Source "lmi"]
[SourceDate "2004.10.27"]

1. e4 c5 2. Nf3 d6 3. d4 cxd4 4. Nxd4 Nf6 5. Nc3 Nc6 6. Bg5 Bd7 7. Nb3 a6 8.
Be2 e6 9. O-O Be7 10. Kh1 Qc7 11. f4 O-O 12. Bf3 Rac8 13. Qe2 b5 14. a3 h6 15.
Bh4 Nxe4 16. Nxb5 axb5 17. Bxe7 Ng3+ 18. hxg3 Nxe7 19. Nd4 Qc5 20. Rad1 e5 21.
Nb3 Qc7 22. Qd3 Be6 23. Rf2 Qb6 24. Rfd2 Nf5 25. Be4 Ne3 26. Re1 Nc4 27. Rdd1
Nxb2 28. Qxd6 Qf2 29. Rc1 Nc4 30. Qd3 exf4 31. gxf4 Qxf4 32. Qd4 Qg5 33. Ra1
Rfd8 34. Qf2 Ne5 35. Kg1 Ng4 36. Qg3 Rc4 37. Bf3 Rxc2 38. Rxe6 fxe6 39. Bxg4
Qd5 40. Re1 Re8 41. Rd1 Qe4 42. Rd7 Qg6 43. Nd4 Rc1+ 44. Kh2 Kh8 45. Ne2 Rc4
46. Bf3 Qxg3+ 47. Kxg3 Ra4 48. Nc3 Rxa3 49. Nxb5 Re3 50. Nd6 Rf8 51. Kf2 Rb3
52. Re7 Rb2+ 53. Kg3 Ra2 54. Rxe6 Ra7 55. Nc4 Rc8 56. Ne5 Rc3 57. Kh2 Kg8 58.
Re8+ Kh7 59. Be4+ g6 60. Nxg6 Kg7 61. Nf4 Ra4 62. Re7+ Kf8 63. Ng6+ 1-0

[Event "Olimpiada Calviá 2004"]
[Site "Calviá ESP"]
[Date "2004.10.19"]
[Round "5.47"]
[White "Salcedo, Ivan"]
[Black "Sirias, Danilo"]
[Result "0-1"]
[WhiteElo "2150"]
[BlackElo "2285"]
[PlyCount "80"]
[EventDate "2004.10.15"]
[EventType "team"]
[EventRounds "14"]
[EventCountry "ESP"]
[Source "lmi"]
[SourceDate "2004.10.27"]

1. e4 c5 2. Nf3 e6 3. d4 cxd4 4. Nxd4 a6 5. c4 Nf6 6. Bd3 Qc7 7. Nc3 Nc6 8. Nf3
b6 9. O-O Ng4 10. g3 h5 11. Bf4 d6 12. Rc1 Nce5 13. Bb1 Be7 14. h3 Nxf3+ 15.
Qxf3 Ne5 16. Qd1 Bb7 17. Be3 g5 18. Bd4 g4 19. Bxe5 dxe5 20. h4 Bc5 21. b4 Bd4
22. Qd2 Rd8 23. Qg5 Qe7 24. Qxe7+ Kxe7 25. Ne2 Bb2 26. Rcd1 Ba3 27. b5 a5 28.
Nc3 Bc5 29. Na4 Rxd1 30. Rxd1 Bd4 31. Kf1 Rh6 32. Rd2 Rf6 33. Nb2 Rh6 34. Nd1
Rh8 35. Ke2 Rc8 36. Bd3 Kd6 37. Ne3 Kc5 38. Nc2 Bc3 39. Rd1 f5 40. Ke3 Rd8 0-1

[Event "Olimpiada Calviá 2004"]
[Site "Calviá ESP"]
[Date "2004.10.19"]
[Round "5.48"]
[White "Phillips, Roy"]
[Black "Hamdouchi, Hichem"]
[Result "0-1"]
[WhiteElo "2229"]
[BlackElo "2575"]
[PlyCount "150"]
[EventDate "2004.10.15"]
[EventType "team"]
[EventRounds "14"]
[EventCountry "ESP"]
[Source "lmi"]
[SourceDate "2004.10.27"]

1. d4 d5 2. c4 c6 3. Nf3 Nf6 4. e3 e6 5. Nbd2 Nbd7 6. b3 b6 7. Bb2 Bb7 8. Bd3
Be7 9. O-O O-O 10. Ne5 dxc4 11. Ndxc4 c5 12. Nxd7 Qxd7 13. dxc5 Qd5 14. e4 Nxe4
15. Qg4 Nf6 16. Qh3 Qh5 17. Qxh5 Nxh5 18. cxb6 Nf4 19. Rfd1 Bxg2 20. Be5 Nxd3
21. Rxd3 Bd5 22. b7 Rae8 23. b8=Q Rxb8 24. Bxb8 Rxb8 25. Ne3 Bf6 26. Rc1 Bg5
27. Rc7 Bxe3 28. fxe3 g5 29. Rxa7 Rc8 30. Rd2 Rc1+ 31. Kf2 Rh1 32. Kg3 Rg1+ 33.
Kf2 Rh1 34. Kg3 h5 35. Ra5 Rg1+ 36. Kf2 Rg2+ 37. Ke1 Rg1+ 38. Ke2 Be4 39. Rd4
Rg2+ 40. Ke1 Bf3 41. Rd2 Rg4 42. Rf2 Be4 43. Ra7 Bg6 44. Rb7 Rg1+ 45. Kd2 g4
46. a4 h4 47. a5 Ra1 48. Kc3 Rxa5 49. Kb4 Rg5 50. Rb5 g3 51. hxg3 hxg3 52. Rg2
Rg4+ 53. Kc5 Be4 54. Rg1 g2 55. Rb4 Rg5+ 56. Kd4 Bf3 57. e4 Be2 58. Ra4 Kf8 59.
Ra2 Bf1 60. Rf2 Rg3 61. b4 Rb3 62. Kc5 Rc3+ 63. Kb6 Rc4 64. b5 Rxe4 65. Rfxf1
gxf1=Q 66. Rxf1 Ke7 67. Rd1 f5 68. Kb7 f4 69. b6 Kf6 70. Kc7 Rc4+ 71. Kd7 Rb4
72. Kc7 Kf5 73. Kc6 f3 74. Rc1 e5 75. Rc5 f2 0-1

[Event "Olimpiada Calviá 2004"]
[Site "Calviá ESP"]
[Date "2004.10.19"]
[Round "5.48"]
[White "Chinasamy, Devarajen"]
[Black "Sebbar, Ali"]
[Result "0-1"]
[WhiteElo "2200"]
[BlackElo "2116"]
[PlyCount "54"]
[EventDate "2004.10.15"]
[EventType "team"]
[EventRounds "14"]
[EventCountry "ESP"]
[Source "lmi"]
[SourceDate "2004.10.27"]

1. f4 d5 2. Nf3 Bg4 3. e3 Nd7 4. Be2 Ngf6 5. b3 Bxf3 6. Bxf3 e5 7. fxe5 Nxe5 8.
Bb2 Bd6 9. Nc3 c6 10. Qe2 Qe7 11. O-O h5 12. e4 d4 13. Nd1 g5 14. g3 c5 15. Nf2
h4 16. g4 h3 17. c3 Nxf3+ 18. Qxf3 Qe5 19. Qh1 Rh4 20. Rae1 O-O-O 21. Re2 Bc7
22. cxd4 cxd4 23. Rc1 Qf4 24. Rc5 d3 25. Re3 Nxg4 26. Nd1 Nxe3 27. Nxe3 Rg4+
0-1

[Event "Olimpiada Calviá 2004"]
[Site "Calviá ESP"]
[Date "2004.10.19"]
[Round "5.48"]
[White "Karim, Ismael"]
[Black "Seegolam, Pradeep"]
[Result "1-0"]
[WhiteElo "2228"]
[BlackElo "2200"]
[PlyCount "110"]
[EventDate "2004.10.15"]
[EventType "team"]
[EventRounds "14"]
[EventCountry "ESP"]
[Source "lmi"]
[SourceDate "2004.10.27"]

1. e4 c5 2. Nf3 Nc6 3. d4 cxd4 4. Nxd4 Nf6 5. Nc3 d6 6. Be2 e5 7. Nb3 Be7 8.
Be3 a5 9. a4 O-O 10. O-O Nb4 11. f4 exf4 12. Bxf4 Be6 13. Nd4 d5 14. e5 Nd7 15.
Ncb5 Nc6 16. Bd3 g6 17. Qe2 Nxd4 18. Nxd4 Bc5 19. c3 Qb6 20. Qe3 Qxb2 21. Rfc1
Qb6 22. Rab1 Qc7 23. h4 b6 24. h5 Rfe8 25. Qg3 Nf8 26. Qg5 Qe7 27. Qg3 Nd7 28.
Kh2 Qf8 29. Rf1 Qg7 30. h6 Qf8 31. Bb5 Ra7 32. Bc6 Rc7 33. Nxe6 Rxe6 34. Bxd5
Rcc6 35. Bxc6 Rxc6 36. Rbd1 Qe8 37. Rd5 Re6 38. Rfd1 Nf8 39. Qf3 Qe7 40. Rf1 f5
41. exf6 Rxf6 42. Qg3 Qe6 43. c4 Qe2 44. Qd3 Qg4 45. g3 Re6 46. Rf3 Re1 47.
Rxc5 bxc5 48. Kg2 Qe6 49. Be3 Nd7 50. Qc3 Re2+ 51. Kf1 Ne5 52. Kxe2 Qg4 53.
Qxe5 Qxc4+ 54. Kf2 Qc2+ 55. Kg1 Qd1+ 1-0

[Event "Olimpiada Calviá 2004"]
[Site "Calviá ESP"]
[Date "2004.10.19"]
[Round "5.49"]
[White "Rowe, Duane"]
[Black "Elarbi, Abobker"]
[Result "0-1"]
[WhiteElo "2197"]
[BlackElo "2253"]
[PlyCount "86"]
[EventDate "2004.10.15"]
[EventType "team"]
[EventRounds "14"]
[EventCountry "ESP"]
[Source "lmi"]
[SourceDate "2004.10.27"]

1. e4 e5 2. Nf3 Nc6 3. Bb5 a6 4. Ba4 Nf6 5. O-O Nxe4 6. d4 b5 7. Bb3 d5 8. dxe5
Be6 9. c3 Be7 10. Nbd2 Nc5 11. Bc2 d4 12. Ne4 d3 13. Nxc5 dxc2 14. Qxd8+ Rxd8
15. Nxe6 fxe6 16. Be3 Rd5 17. Rac1 Nxe5 18. Nxe5 Rxe5 19. Rxc2 c5 20. c4 Kd7
21. Rfc1 Rc8 22. Kf1 g6 23. a4 b4 24. Rd1+ Kc6 25. b3 Rd8 26. Rxd8 Bxd8 27. Rd2
Be7 28. Ke2 Rf5 29. g4 Rf7 30. Rd1 g5 31. Rf1 h5 32. h3 hxg4 33. hxg4 Rh7 34.
Kf3 Rh4 35. Rg1 Bf6 36. Ke4 Rh3 37. f4 Rxe3+ 38. Kxe3 Bd4+ 39. Ke4 Bxg1 40.
fxg5 Bd4 41. g6 Kd6 42. Kf4 Ke7 43. Kg5 Be3+ 0-1

[Event "Olimpiada Calviá 2004"]
[Site "Calviá ESP"]
[Date "2004.10.19"]
[Round "5.49"]
[White "Salem, Ali Maoloud"]
[Black "Porter, Russel"]
[Result "1/2-1/2"]
[WhiteElo "2228"]
[BlackElo "2176"]
[PlyCount "34"]
[EventDate "2004.10.15"]
[EventType "team"]
[EventRounds "14"]
[EventCountry "ESP"]
[Source "lmi"]
[SourceDate "2004.10.27"]

1. e4 c5 2. Nf3 e6 3. d4 cxd4 4. Nxd4 Nc6 5. c4 Nf6 6. Nc3 Bb4 7. Nxc6 bxc6 8.
e5 Ne4 9. Qd4 Qa5 10. a3 Nxc3 11. axb4 Qxa1 12. Qxc3 a5 13. b5 cxb5 14. Bd3
bxc4 15. Be4 Rb8 16. O-O Qa4 17. Qg3 g6 1/2-1/2

[Event "Olimpiada Calviá 2004"]
[Site "Calviá ESP"]
[Date "2004.10.19"]
[Round "5.50"]
[White "Thamtavatvorn, Taweechai"]
[Black "Mok, Tze-Meng"]
[Result "1-0"]
[WhiteElo "2214"]
[BlackElo "2336"]
[PlyCount "103"]
[EventDate "2004.10.15"]
[EventType "team"]
[EventRounds "14"]
[EventCountry "ESP"]
[Source "lmi"]
[SourceDate "2004.10.27"]

1. d4 g6 2. c4 Bg7 3. e4 c5 4. d5 d6 5. Nc3 Nf6 6. a4 O-O 7. Nf3 e6 8. Be2 exd5
9. cxd5 Re8 10. Nd2 Na6 11. O-O Nb4 12. f3 Nh5 13. Nc4 Bd4+ 14. Be3 Qg5 15. Qd2
Bh3 16. Rf2 Nf4 17. g3 Bxe3 18. Qxe3 Nxe2+ 19. Rxe2 Qxe3+ 20. Nxe3 f5 21. Nc4
Rad8 22. Nb5 fxe4 23. Nbxd6 Rf8 24. fxe4 Rf3 25. Ne5 Rf6 26. Ndc4 Rdf8 27. Ne3
h5 28. N5c4 Rf3 29. Rd1 Nd3 30. e5 Nf2 31. Rxf2 Rxf2 32. e6 Re2 33. e7 Re8 34.
d6 Bd7 35. b3 Kf7 36. Ne5+ Ke6 37. Nxd7 Kxd7 38. Nc4 b6 39. Rf1 Re6 40. Rf8 g5
41. g4 hxg4 42. Kf2 Re4 43. Kg3 Rc8 44. Rf5 Re8 45. Rxg5 Rxc4 46. bxc4 Kxd6 47.
Rg7 Ke5 48. Kxg4 Kd4 49. h4 Kxc4 50. h5 Kd5 51. h6 Rh8 52. h7 1-0

[Event "Olimpiada Calviá 2004"]
[Site "Calviá ESP"]
[Date "2004.10.19"]
[Round "5.50"]
[White "Lim, Yee-Weng"]
[Black "Theerapabpaisit, Wisuwat"]
[Result "1/2-1/2"]
[WhiteElo "2346"]
[BlackElo "2277"]
[PlyCount "58"]
[EventDate "2004.10.15"]
[EventType "team"]
[EventRounds "14"]
[EventCountry "ESP"]
[Source "lmi"]
[SourceDate "2004.10.27"]

1. e4 c5 2. c3 d5 3. exd5 Qxd5 4. d4 e6 5. Nf3 Nf6 6. Be3 cxd4 7. cxd4 Bb4+ 8.
Nc3 Qa5 9. Qc2 Nc6 10. Bd3 Bd7 11. O-O Rc8 12. Rac1 h6 13. Qe2 O-O 14. Bb1 Rfd8
15. Rfd1 Be8 16. Bf4 Ne7 17. Be5 Bxc3 18. Bxf6 gxf6 19. Qd3 f5 20. bxc3 Ng6 21.
c4 b5 22. cxb5 Bxb5 23. Qe3 Bc6 24. Ne5 Nxe5 25. dxe5 Rxd1+ 26. Rxd1 Kh7 27. f3
Bd5 28. h3 Rc7 29. Qf4 Rc4 1/2-1/2

[Event "Olimpiada Calviá 2004"]
[Site "Calviá ESP"]
[Date "2004.10.19"]
[Round "5.50"]
[White "Jiravorasuk, Banjuab"]
[Black "Leong, Mun Wan"]
[Result "1/2-1/2"]
[WhiteElo "2323"]
[BlackElo "2205"]
[PlyCount "100"]
[EventDate "2004.10.15"]
[EventType "team"]
[EventRounds "14"]
[EventCountry "ESP"]
[Source "lmi"]
[SourceDate "2004.10.27"]

1. e4 c5 2. Nf3 d6 3. d4 cxd4 4. Nxd4 Nf6 5. Nc3 g6 6. Be3 Bg7 7. f3 Nc6 8. Qd2
O-O 9. Bc4 Bd7 10. O-O-O Rc8 11. Bb3 Ne5 12. h4 Nc4 13. Bxc4 Rxc4 14. Kb1 Re8
15. Nde2 Qa5 16. Nf4 Qa6 17. Ncd5 Nxd5 18. Nxd5 Be6 19. b3 Rcc8 20. c4 b5 21.
cxb5 Qxb5 22. Bxa7 Bxd5 23. Qxd5 Qb4 24. Qd2 Bc3 25. Qf2 e5 26. Rd3 Rc6 27. Rc1
Rec8 28. Be3 Kg7 29. Bd2 Bxd2 30. Rxc6 Rxc6 31. Qxd2 Qc5 32. Kb2 Ra6 33. a4 h6
34. Rd5 Qb6 35. Rb5 Qc7 36. Rd5 h5 37. g4 hxg4 38. fxg4 Qd7 39. Qe2 Rb6 40. Ka3
Qc6 41. Qc4 Qd7 42. Qe2 Qc6 43. Qd2 Qd7 44. Qd1 Qc6 45. h5 Qc3 46. hxg6 fxg6
47. Rd3 Qb4+ 48. Ka2 Qxe4 49. Rc3 Qg2+ 50. Ka3 Qc6 1/2-1/2

[Event "Olimpiada Calviá 2004"]
[Site "Calviá ESP"]
[Date "2004.10.19"]
[Round "5.51"]
[White "Guillen Ramirez, Jose Antonio"]
[Black "Singh, Ravishen"]
[Result "1-0"]
[WhiteElo "2301"]
[BlackElo "2093"]
[PlyCount "51"]
[EventDate "2004.10.15"]
[EventType "team"]
[EventRounds "14"]
[EventCountry "ESP"]
[Source "lmi"]
[SourceDate "2004.10.27"]

1. e4 c5 2. Nf3 d6 3. d4 cxd4 4. Nxd4 Nf6 5. Nc3 a6 6. f4 e6 7. Qf3 Qc7 8. Bd3
Nbd7 9. Be3 b5 10. g4 Nc5 11. g5 Nfd7 12. O-O-O b4 13. Nce2 Qa5 14. Kb1 Bb7 15.
Nb3 Qb6 16. Rhf1 d5 17. Ng3 a5 18. exd5 Bxd5 19. Be4 Bxb3 20. Bxa8 Bxc2+ 21.
Kxc2 b3+ 22. axb3 Qxb3+ 23. Kb1 Nd3 24. Bc1 N7c5 25. Bc6+ Ke7 26. Ne4 1-0